[Event "AUTO-MASTER-3241"]
[Site "http://www.queenalice.com/game.php?id=1848362"]
[Date "2024.12.5"]
[Round "1"]
[White "madriles"]
[Black "Pipo712"]
[Result "0-1"]
[WhiteElo "2119"]
[BlackElo "1963"]

1. d4 d5 2. Nf3 Nf6 3. e3 e6 4. c3 c5 5. Bd3 b6 6. O-O Bb7 7. Nbd2 Be7 8. Re1
Nbd7 9. e4 dxe4 10. Nxe4 Nxe4 11. Bxe4 Bxe4 12. Rxe4 Qc7 13. Bf4 Qc6 14. Qd3 c4
15. Qc2 Nf6 16. Re2 O-O 17. Ne5 Qb5 18. a4 Qd5 19. Re3 Nd7 20. Rae1 Bf6 21. Ng4
Rfc8 22. Ne5 Bxe5 23. Bxe5 Re8 24. Bf4 a6 25. Rh3 g6 26. Qe2 b5 27. axb5 axb5
28. Qg4 Qf5 29. Qxf5 exf5 30. Rhe3 Rxe3 31. Bxe3 Nf6 32. h3 Ra2 33. Rb1 Nd5 34.
g3 h5 35. h4 Kg7 36. Kg2 f6 37. Kf3 Kf7 38. Bd2 Ke6 39. Ke2 Kd6 40. b3 Nxc3+ 0-1

[Event "AUTO-MASTER-3235"]
[Site "http://www.queenalice.com/game.php?id=1852999"]
[Date "2025.2.26"]
[Round "2"]
[White "CCapivara"]
[Black "madriles"]
[Result "1-0"]
[WhiteElo "2194"]
[BlackElo "2068"]

1. e4 e5 2. Nf3 Nf6 3. Nxe5 d6 4. Nf3 Nxe4 5. d3 Nf6 6. d4 g6 7. Be2 Bg7 8. O-O
O-O 9. c3 Nc6 10. Be3 Ne4 11. Nbd2 Re8 12. Nxe4 Rxe4 13. h4 Bg4 14. Ng5 Bxe2 15.
Qxe2 Re7 16. Qf3 Qe8 17. Rae1 Nxd4 18. cxd4 Bxd4 19. Bxd4 Rxe1 20. Qf6 Rxf1+ 21.
Kxf1 Kf8 22. Nxh7+ 1-0

[Event "AUTO-MASTER-3235"]
[Site "http://www.queenalice.com/game.php?id=1853000"]
[Date "2025.2.26"]
[Round "2"]
[White "madriles"]
[Black "CCapivara"]
[Result "0-1"]
[WhiteElo "2080"]
[BlackElo "2190"]

1. d4 d6 2. Nf3 Nf6 3. e3 c6 4. c3 Bg4 5. h3 Bh5 6. g4 Bg6 7. Bd3 Nbd7 8. Nbd2
Bxd3 9. Ng5 e5 10. e4 h6 11. dxe5 dxe5 12. c4 hxg5 0-1

[Event "AUTO-MASTER-3235"]
[Site "http://www.queenalice.com/game.php?id=1853001"]
[Date "2025.2.26"]
[Round "2"]
[White "NimbleKnight"]
[Black "madriles"]
[Result "1-0"]
[WhiteElo "2153"]
[BlackElo "2034"]

1. e4 d6 2. d4 Nf6 3. Nc3 g6 4. Be2 Bg7 5. Be3 O-O 6. Qd2 e6 7. h3 Nc6 8. g4 e5
9. d5 Ne7 10. g5 Nd7 11. h4 f5 12. gxf6 Rxf6 13. h5 gxh5 14. Bxh5 Qf8 15. O-O-O
a6 16. Nge2 b5 17. Rdg1 Kh8 18. Rh2 Bh6 19. Bxh6 Rxh6 20. Rgh1 Ng8 21. Ng3 Ndf6
22. Be2 Rxh2 23. Rxh2 Bg4 24. f3 Bd7 25. Nd1 c6 26. Ne3 c5 27. c4 b4 28. Nef5
Rd8 29. Qg5 Ne7 30. Nxd6 Qg8 31. Qxf6+ 1-0

[Event "AUTO-MASTER-3235"]
[Site "http://www.queenalice.com/game.php?id=1853002"]
[Date "2025.2.26"]
[Round "2"]
[White "madriles"]
[Black "NimbleKnight"]
[Result "1-0"]
[WhiteElo "2006"]
[BlackElo "2145"]

1. d4 Nf6 2. Nf3 d5 3. e3 c5 4. c3 e6 5. Bd3 Nc6 6. O-O Bd6 7. Nbd2 Bd7 8. e4
cxd4 9. cxd4 dxe4 10. Nxe4 Nxe4 11. Bxe4 h6 12. Be3 O-O 13. a3 Rc8 14. b4 b6 15.
b5 Ne7 16. a4 Nd5 17. Qb3 Nxe3 18. fxe3 Qe7 19. Rac1 Rxc1 20. Rxc1 Rc8 21. Rxc8+
Bxc8 22. Qc2 Bb7 23. Bxb7 Qxb7 24. Qc6 Qb8 25. e4 Kf8 26. d5 exd5 27. exd5 g6
28. g3 Kg7 29. Nd2 Bxg3 30. hxg3 Qxg3+ 31. Kf1 Qd3+ 32. Ke1 Qe3+ 33. Kd1 Qg1+
34. Kc2 h5 35. d6 h4 36. d7 h3 37. d8=Q h2 38. Qcf6+ Kh7 39. Qdh8# 1-0

[Event "AUTO-MASTER-3265"]
[Site "http://www.queenalice.com/game.php?id=1857437"]
[Date "2025.5.16"]
[Round "1"]
[White "CCapivara"]
[Black "madriles"]
[Result "1-0"]
[WhiteElo "2224"]
[BlackElo "2014"]

1. e4 d6 2. d4 Nf6 3. f3 g6 4. c4 Bg7 5. Nc3 O-O 6. Be3 e5 7. Nge2 Nc6 8. Qd2 b6
9. O-O-O Bb7 10. Kb1 Nd7 11. h4 exd4 12. Nxd4 Ne7 13. h5 gxh5 14. Rxh5 Ng6 15.
Nf5 Bh8 16. Bd4 Nde5 17. Qh6 1-0

[Event "AUTO-MASTER-3265"]
[Site "http://www.queenalice.com/game.php?id=1857438"]
[Date "2025.5.16"]
[Round "1"]
[White "madriles"]
[Black "CCapivara"]
[Result "0-1"]
[WhiteElo "2023"]
[BlackElo "2200"]

1. d4 d6 2. Nf3 Nf6 3. e3 c6 4. c3 Bg4 5. h3 Bh5 6. g4 Bg6 7. Bd3 Nbd7 8. Bxg6
hxg6 9. Nbd2 e5 10. e4 Be7 11. dxe5 dxe5 12. g5 Nh5 13. h4 Nf4 14. Nc4 Ng2+ 15.
Kf1 Nf4 16. Ncxe5 Nxe5 17. Nxe5 Qxd1# 0-1

[Event "AUTO-MASTER-3265"]
[Site "http://www.queenalice.com/game.php?id=1857453"]
[Date "2025.5.16"]
[Round "1"]
[White "JailtonMaster"]
[Black "madriles"]
[Result "1-0"]
[WhiteElo "2036"]
[BlackElo "2031"]

1. e4 e5 2. Nf3 Nf6 3. Nc3 d6 4. d4 g6 5. Bg5 Bg7 6. Bc4 Nc6 7. O-O Bg4 8. d5
Ne7 9. h3 Bd7 10. Re1 O-O 11. Qe2 a6 12. Rad1 b5 13. Bb3 b4 14. Nb1 a5 15. c4 c6
16. Nbd2 a4 17. Bc2 c5 18. Nf1 a3 19. b3 h6 20. Bh4 g5 21. Bg3 Ng6 22. Ne3 Qc8
23. Nh2 h5 24. Nf5 h4 25. Nxg7 Kxg7 26. Bxe5 Nxe5 27. Qe3 Nh7 28. f4 Ng6 29.
fxg5 Qd8 30. Nf3 f6 31. gxf6+ Rxf6 32. e5 Nxe5 33. Nxe5 Bf5 34. Bxf5 Rxf5 35.
Nc6 Qd7 36. Rf1 Re8 37. Qd3 Rg5 38. Rf4 Rg3 39. Qf1 Qxh3 40. Rf7+ Kg8 41. Ne7+
Kh8 42. Rxh7+ Kxh7 43. Qf7+ Rg7 44. Qh5# 1-0

[Event "AUTO-MASTER-3265"]
[Site "http://www.queenalice.com/game.php?id=1857454"]
[Date "2025.5.16"]
[Round "1"]
[White "madriles"]
[Black "JailtonMaster"]
[Result "1-0"]
[WhiteElo "2028"]
[BlackElo "2046"]

1. d4 Nf6 2. Nf3 g6 3. e3 Bg7 4. c3 O-O 5. Bd3 d5 6. O-O c5 7. Nbd2 cxd4 8. exd4
Nc6 9. Re1 Bg4 10. h3 Bd7 11. Ne5 Nxe5 12. dxe5 Ne8 13. f4 a6 14. Nf3 Rc8 15.
Be3 Nc7 16. Qb3 b5 17. Bd4 e6 18. Qc2 a5 19. h4 f6 20. h5 f5 21. hxg6 hxg6 22.
Qf2 Bh6 23. Qg3 Kf7 24. Kf2 Rh8 25. Rh1 Kg7 26. Be3 Qe7 27. Nh4 Be8 28. Bxf5 1-0

[Event "AUTO-MASTER-3265"]
[Site "http://www.queenalice.com/game.php?id=1857463"]
[Date "2025.5.16"]
[Round "1"]
[White "Pin"]
[Black "madriles"]
[Result "1-0"]
[WhiteElo "2098"]
[BlackElo "2045"]

1. d4 Nf6 2. c4 g6 3. Nf3 d6 4. e3 Bg7 5. Bd3 O-O 6. O-O Re8 7. Nc3 e5 8. dxe5
dxe5 9. e4 Nc6 10. Bg5 Re6 11. Nd5 Rd6 12. Qd2 Ne7 13. Nxe5 c6 14. Nxe7+ Qxe7
15. f4 Qe6 16. Qc2 h6 17. Bxf6 Qxf6 18. Nxg6 Rxd3 19. Qxd3 Qxg6 20. Rab1 Bh3 21.
Qxh3 Qxe4 22. b3 Rd8 23. Rbe1 Qc2 24. a4 Rd2 25. Re8+ Kh7 26. Ree1 Rd3 27. Qf5+
Kg8 28. Re8+ 1-0

[Event "AUTO-MASTER-3265"]
[Site "http://www.queenalice.com/game.php?id=1857464"]
[Date "2025.5.16"]
[Round "1"]
[White "madriles"]
[Black "Pin"]
[Result "0-1"]
[WhiteElo "2010"]
[BlackElo "2045"]

1. d4 Nf6 2. Nf3 g6 3. e3 Bg7 4. c3 d5 5. Bd3 O-O 6. O-O Nbd7 7. Nbd2 Re8 8. e4
dxe4 9. Nxe4 Nxe4 10. Bxe4 Nf6 11. Bc2 Bg4 12. h3 Bxf3 13. Qxf3 c6 14. Bg5 h6
15. Bh4 Qd5 16. Qe2 e5 17. dxe5 Rxe5 18. Qd3 Qxd3 19. Bxd3 Nd5 20. Bg3 Re6 21.
Rfe1 Rae8 22. Kf1 Nf6 23. Rxe6 Rxe6 24. Re1 Rxe1+ 25. Kxe1 Nd5 26. Bc4 Nb6 27.
Bb3 Kf8 28. a4 a6 29. a5 Nd7 30. Bd1 Ke7 31. f4 f5 32. Bf2 Nf6 33. Bd4 Ne8 34.
Bc5+ Ke6 35. Bb3+ Kd7 36. h4 Bf6 37. g3 g5 38. hxg5 hxg5 39. fxg5 Bxg5 40. Kf2
Nd6 41. Kf3 Bc1 42. Ba3 Nb5 43. Bb4 Bxb2 44. Kf4 Bxc3 45. Bxc3 Nxc3 46. Kxf5 Ne2
47. Kg4 Kd6 48. Kh3 Ke5 49. g4 Kf6 50. Kh4 Nd4 51. Ba2 c5 52. Bd5 Nc6 53. Kh5
Kg7 54. Kg5 Nxa5 55. Kf5 Nc6 56. Bxc6 bxc6 57. Ke4 a5 58. Kd3 Kg6 59. Kc3 Kg5
60. Kb3 Kxg4 61. Kc4 a4 62. Kc3 Kf4 63. Kc4 Ke4 64. Kc3 Kd5 65. Kd3 c4+ 66. Kc3
Kc5 67. Kc2 Kb4 68. Kb2 c3+ 69. Kc2 Kc4 70. Kc1 Kd3 71. Kb1 Kd2 0-1

[Event "AUTO-MASTER-3275"]
[Site "http://www.queenalice.com/game.php?id=1860946"]
[Date "2025.8.2"]
[Round "1"]
[White "andrevillares"]
[Black "madriles"]
[Result "1-0"]
[WhiteElo "2125"]
[BlackElo "2018"]

1. d4 Nf6 2. c4 g6 3. Nc3 d6 4. e4 Bg7 5. Bd3 O-O 6. Nge2 b6 7. O-O Bb7 8. f3 e6
9. Bg5 Nc6 10. Rc1 e5 11. d5 Ne7 12. b4 c6 13. Qd2 cxd5 14. Nxd5 Nexd5 15. cxd5
a6 16. Rc2 Qd7 17. Rfc1 Rac8 18. a3 Rxc2 19. Rxc2 Rc8 20. Rxc8+ Qxc8 21. g3 Qh3
22. Nc3 h6 23. Be3 g5 24. Na4 b5 25. Nb2 Qh5 26. Be2 Qh3 27. Nd3 Qh5 28. Kg2 g4
29. fxg4 Nxg4 30. Bg1 Bc8 31. h3 Ne3+ 32. Qxe3 Qxh3+ 33. Kf2 Bf6 34. Ke1 Bg5 35.
Qf3 Kg7 36. Nf2 Qd7 37. Ng4 Qc7 38. Ne3 Qc1+ 39. Kf2 Bh3 40. Nf5+ Bxf5 41. exf5
Bd2 42. Kg2 Qc2 43. f6+ Kf8 44. Qg4 Bg5 45. Bc5 Bxf6 46. Bxd6+ 1-0

[Event "AUTO-MASTER-3275"]
[Site "http://www.queenalice.com/game.php?id=1860947"]
[Date "2025.8.2"]
[Round "1"]
[White "madriles"]
[Black "andrevillares"]
[Result "1-0"]
[WhiteElo "1995"]
[BlackElo "2176"]

1. d4 Nf6 2. Nf3 c5 3. e3 d5 4. c3 cxd4 5. cxd4 Nc6 6. Nc3 Bg4 7. h3 Bh5 8. g4
Bg6 9. g5 Ne4 10. Bd3 Nxc3 11. bxc3 Bxd3 12. Qxd3 e6 13. O-O Be7 14. e4 Rc8 15.
e5 a6 16. Be3 Na5 17. Rab1 b5 18. h4 Nc4 19. Nd2 Nxd2 20. Bxd2 O-O 21. Qg3 Re8
22. Kh1 Rc4 23. Rg1 Ra4 24. Rb2 Qc7 25. h5 Qc4 26. g6 hxg6 27. hxg6 f6 28. Qh3
fxe5 29. Qh7+ 1-0

[Event "AUTO-MASTER-3275"]
[Site "http://www.queenalice.com/game.php?id=1860960"]
[Date "2025.8.2"]
[Round "1"]
[White "JailtonMaster"]
[Black "madriles"]
[Result "1-0"]
[WhiteElo "2107"]
[BlackElo "1999"]

1. e4 e5 2. Nf3 Nf6 3. Nc3 Nc6 4. Bb5 Bb4 5. Qe2 d6 6. O-O Bd7 7. Nd5 a6 8. Ba4
b5 9. Bb3 Ne7 10. Nxf6+ gxf6 11. c3 Bc5 12. d4 Bb6 13. Bh6 Ng6 14. Rad1 Qe7 15.
dxe5 fxe5 16. Ng5 O-O-O 17. Nxf7 Nf4 18. Bxf4 exf4 19. Nxh8 Rxh8 20. Rfe1 Qg5
21. Kh1 Rf8 22. f3 h5 23. a4 h4 24. Rd5 Qg6 25. axb5 axb5 26. Bc2 Qg7 27. Bd3 h3
28. Bxb5 hxg2+ 29. Qxg2 Qxg2+ 30. Kxg2 c6 31. Ba6+ Kc7 32. Rg5 Rf7 33. h4 Kb8
34. h5 Rh7 35. Rh1 Bd8 36. Rg8 Kc7 37. h6 Bf6 38. e5 dxe5 39. Bd3 Rh8 40. h7 Be6
41. Rg6 Rf8 42. Rxf6 1-0

[Event "AUTO-MASTER-3275"]
[Site "http://www.queenalice.com/game.php?id=1860961"]
[Date "2025.8.2"]
[Round "1"]
[White "madriles"]
[Black "JailtonMaster"]
[Result "0-1"]
[WhiteElo "2015"]
[BlackElo "2004"]

1. d4 d5 2. Nf3 Nf6 3. e3 e6 4. c3 c5 5. Bd3 Nc6 6. O-O Bd6 7. Nbd2 O-O 8. Re1
Qc7 9. e4 dxe4 10. Nxe4 Nxe4 11. Bxe4 cxd4 12. cxd4 Rd8 13. a3 b6 14. Qc2 Bb7
15. Be3 Rab8 16. Bxh7+ Kh8 17. g3 f5 18. Ng5 Qe7 19. Qe2 Qf6 20. Qh5 g6 21.
Bxg6+ Kg7 22. Qh6+ Kxh6 23. Ne4+ Kxg6 24. Nxf6 Kxf6 25. h4 f4 26. Bxf4 Bxf4 27.
gxf4 Nxd4 28. Rac1 Rg8+ 29. Kf1 Ba6+ 0-1

[Event "AUTO-MASTER-3275"]
[Site "http://www.queenalice.com/game.php?id=1860968"]
[Date "2025.8.2"]
[Round "1"]
[White "maurice916"]
[Black "madriles"]
[Result "0-1"]
[WhiteElo "1869"]
[BlackElo "1999"]

1. Nf3 Nf6 2. b3 d6 3. Bb2 e5 4. d3 g6 5. e4 Bg7 6. Nbd2 O-O 7. Be2 Nc6 8. O-O
b6 9. d4 Bb7 10. d5 Ne7 11. Bd3 c6 12. c4 Ba6 13. Rc1 cxd5 14. exd5 Nexd5 15.
Re1 Nd7 16. Ne4 Nb4 17. Bb1 Qc7 18. Qxd6 Qxd6 19. Nxd6 Rad8 20. Ne4 Nc5 21. Nxc5
bxc5 22. Bxe5 Nd3 23. Bxg7 Kxg7 24. Bxd3 Rxd3 25. Rc2 Rfd8 26. Ne5 Rd1 27. Re2
R8d2 28. Kf1 Bb7 29. f3 Rxe2 30. Kxe2 Rd6 31. Kf2 f6 32. Ng4 h5 33. Ne3 a5 34.
f4 Be4 35. Re2 g5 36. g3 g4 37. Rb2 Rd4 38. a3 Bf3 39. Rc2 Bd1 40. Rb2 Rd3 41.
b4 Rxa3 42. Nxd1 cxb4 43. Ne3 a4 44. Nd5 Rf3+ 45. Kg2 b3 46. c5 a3 47. c6 axb2
48. c7 b1=Q 49. c8=Q Qf1# 0-1

[Event "AUTO-MASTER-3275"]
[Site "http://www.queenalice.com/game.php?id=1860969"]
[Date "2025.8.2"]
[Round "1"]
[White "madriles"]
[Black "maurice916"]
[Result "1-0"]
[WhiteElo "1987"]
[BlackElo "1881"]

1. d4 Nf6 2. Nf3 d5 3. e3 Bg4 4. h3 Bh5 5. g4 Bg6 6. Ne5 e6 7. Nxg6 hxg6 8. Nc3
Nbd7 9. Bg2 c5 10. Bd2 Qb6 11. Bc1 Be7 12. b3 cxd4 13. exd4 Rc8 14. Bb2 Bb4 15.
Qd3 Qa5 16. Kd2 Ne4+ 17. Bxe4 dxe4 18. Qe3 Bxc3+ 19. Bxc3 Qd5 20. Rae1 f5 21. f3
exf3 22. Qxe6+ Qxe6 23. Rxe6+ Kf7 24. Re3 fxg4 25. Rhe1 f2 26. Rf1 gxh3 27. Rf3+
Kg8 28. R3xf2 h2 29. Rh1 Rf8 30. Rfxh2 Rf2+ 31. Rxf2 Rxh1 32. Re2 Kf7 33. Bb4
Nf6 34. Re7+ Kg8 35. Rxb7 Nd5 36. Bc5 Rh2+ 37. Kd3 Rh3+ 38. Kc4 Ne3+ 39. Kb5
Nxc2 40. Rxa7 Rh5 41. Kc6 Ne3 42. Rd7 Ng2 43. d5 Ne1 44. Bd4 Nf3 45. Rxg7+ Kf8
46. Bc3 Rg5 47. d6 Nd2 48. d7 Ne4 49. d8=Q# 1-0

[Event "AUTO-MASTER-3286"]
[Site "http://www.queenalice.com/game.php?id=1864686"]
[Date "2025.10.24"]
[Round "1"]
[White "madriles"]
[Black "cerenzo72"]
[Result "0-1"]
[WhiteElo "2006"]
[BlackElo "2142"]

1. d4 Nf6 2. Nf3 g6 3. e3 Bg7 4. c3 O-O 5. Bd3 d6 6. O-O Nc6 7. e4 e6 8. Bg5 b6
9. e5 dxe5 10. dxe5 Nxe5 11. Nxe5 Bb7 12. Be2 Qe7 13. Qc2 Rad8 14. Nd2 Qc5 15.
Nef3 Bxf3 16. Bxf3 Qxg5 17. Ne4 Nxe4 18. Bxe4 Rd2 19. Qc1 Rfd8 20. Bf3 R8d3 21.
Be4 Rd8 22. Kh1 Qf4 23. Bf3 Be5 24. g3 Qxf3+ 25. Kg1 Re2 26. Qg5 Rdd2 0-1